000 00723nam a22002417a 4500
003 OSt
005 20231101122805.0
008 221006b |||||||| |||| 00| 0 eng d
020 _a978 1 946416 45 2
040 _cBiblioteca Lado V
082 _a708
_bR454r
100 _91177
_aLa Revuelta
_ecuradora
_qJuracán, Maya
245 _aRecontarnos/
246 _aRewriting us/
260 _bApexart
_aNew York
_c2022
300 _c10x22cm
_a6p.
366 _efre
366 _eeng
650 _2Tesauro de Arte & Arquitectura
_aARTE
_9703
650 _2Tesauro de Arte & Arquitectura
_aEXHIBICIÓN
650 _2Tesauro de Arte & Arquitectura
_aMULTIDICIPLINARIO
942 _2ddc
_c1
_h708
_iR454r
_n0
999 _c4513
_d4513